| 000 | 01287cam a2200313 a 4500 | ||
|---|---|---|---|
| 999 |
_c234150 _d234150 |
||
| 001 | 2506813 | ||
| 003 | Nust | ||
| 005 | 20170314133926.0 | ||
| 008 | 920407s1992 nyu 000 0 eng | ||
| 010 | _a 92050231 | ||
| 020 |
_a9781840220520 _cU.S.A. $20.00 (Canada $25.00) |
||
| 040 |
_aDLC _cDLC _dDLC |
||
| 050 | 0 | 0 |
_aPS2602 _b 1992 |
| 082 | 0 | 0 |
_a818.309 _bPOE |
| 100 | 1 |
_aPoe, Edgar Allan, _d1809-1849. |
|
| 240 | 1 | 0 |
_aWorks. _f1992 |
| 245 | 1 | 4 | _aThe collected tales and poems of Edgar Allan Poe. |
| 250 | _aModern Library ed. | ||
| 260 |
_aNew York : _bModern Library, _c1992. |
||
| 300 |
_axii, 783 p. ; _c21 cm. |
||
| 500 | _a"A Modern library giant"--Jacket. | ||
| 650 | 0 | _aDetective and mystery stories, American. | |
| 650 | 0 | _aFantasy poetry, American. | |
| 650 | 0 | _aHorror tales, American. | |
| 856 | 4 | 2 |
_3Contributor biographical information _uhttp://www.loc.gov/catdir/bios/random056/92050231.html |
| 856 | 4 | 2 |
_3Publisher description _uhttp://www.loc.gov/catdir/description/random0411/92050231.html |
| 906 |
_a7 _bcbc _corignew _d1 _eocip _f19 _gy-gencatlg |
||
| 942 |
_2ddc _cBK |
||